Kedd és szerda között
Elmentve itt :
| Szerző: | |
|---|---|
| Dokumentumtípus: | Cikk |
| Megjelent: |
1931
|
| Sorozat: | Széphalom
5 |
| Kulcsszavak: | Szépirodalom |
| Online Access: | http://acta.bibl.u-szeged.hu/20586 |
| LEADER | 00530nab a2200169 i 4500 | ||
|---|---|---|---|
| 001 | acta20586 | ||
| 005 | 20210722150340.0 | ||
| 008 | 161015s1931 hu o 0|| hun d | ||
| 040 | |a SZTE Egyetemi Kiadványok Repozitórium |b hun | ||
| 041 | |a hun | ||
| 100 | 1 | |a Radnóti Miklós | |
| 245 | 1 | 0 | |a Kedd és szerda között |h [elektronikus dokumentum] / |c Radnóti Miklós |
| 260 | |c 1931 | ||
| 300 | |a 55 | ||
| 490 | 0 | |a Széphalom |v 5 | |
| 695 | |a Szépirodalom | ||
| 856 | 4 | 0 | |u http://acta.bibl.u-szeged.hu/20586/1/szephalom_005_055.pdf |z Dokumentum-elérés |